| 000 | 00669nam a22002057a 4500 | ||
|---|---|---|---|
| 003 | 0 | ||
| 005 | 20250424095624.0 | ||
| 008 | 250424b xxu||||| |||| 00| 0 eng d | ||
| 020 | _a9786214272006 | ||
| 050 |
_aHG 1601 _b.B35 2024 |
||
| 100 | _aBairan, Bonifacio P. | ||
| 245 |
_aBanking and financial institutions _cBonifacio P. Bairan |
||
| 260 |
_aManila _bUnlimited Books Library Services & Publishing Inc. _cc2024 |
||
| 300 |
_axii, 262 pages ; _c26cm. |
||
| 504 | _aIncludes bibliographical references and index. | ||
| 650 | _aFinancial institutions--Philippines. | ||
| 650 | _aFinance—Philippines. | ||
| 650 | _aMonetary policy. | ||
| 942 |
_2lcc _cBK |
||
| 999 |
_c367406 _d367406 |
||